Jornades sobre el Patrimoni Cinematogràfic a Catalunya / [organitzades per l'Institut Municipal d'Història]
Descripción Física:
[79] f. ; 30 cm
MARC
| LEADER | 00000nam a2200000Ia 4500 | ||
|---|---|---|---|
| 001 | 10971 | ||
| 003 | BGR | ||
| 005 | 20260324175618.0 | ||
| 008 | 160829s9999 xx 000 0 cat d | ||
| 080 | |a B-1-286 | ||
| 111 | |a Jornades sobre el Patrimoni Cinematogràfic a Catalunya |9 70959 |c (Barcelona : |d 1995) | ||
| 245 | |a Jornades sobre el Patrimoni Cinematogràfic a Catalunya / [organitzades per l'Institut Municipal d'Història] | ||
| 260 | |a Barcelona : |b Fundació Caixa de Catalunya, [1995?] | ||
| 300 | |a [79] f. ; |c 30 cm | ||
| 650 | |a Pel·lícules cinematogràfiques |x Congressos |9 35143 | ||
| 650 | |a Patrimoni cultural |x Catalunya |x Congressos |9 35144 | ||
| 710 | 1 | |a Institut Municipal d'Història (Barcelona) |9 70960 | |
| 710 | |a Fundació Caixa de Catalunya |9 57886 | ||
| 901 | |a Arxiu | ||
| 942 | |n 1 |2 udc |c MON | ||
| 952 | |0 0 |1 0 |4 0 |6 B1286 |7 1 |9 46785 |a Arxiu |b Arxiu |d 2016-12-01 |l 0 |o B-1-286 |p 10971 |r 2016-12-01 00:00:00 |w 2016-12-01 |y ARXIU | ||
| 999 | |c 50578 |d 50578 | ||